000 00701nam a2200205 a 4500
001 000009709
005 20240412074212.0
008 091001s1999 dr a r 001 p spa d
040 _aDO-SdBNP
_bspa
_cBNPHU
082 _aRD861.44
_bC134r
100 1 _aCaimares Domínguez, Gregorio
_924606
245 1 0 _aRelicario :
_bversos del alma /
_cGregorio Caimares Domínguez.
260 _a[Santo Domingo] :
_bTalleres de Fotomegraf,
_c1999.
300 _a159 p. ;
_c21 cm.
500 _aIncluye datos biográficos del autor en la contracubierta.
590 _aInventariado, 2018/BT
650 0 _aPoesía dominicana
_966
650 0 _aLiteratura dominicana.
_967
910 _aValidado. Control de calidad. MFF
999 _c9469
_d9469